[Event "BL2 Sued 1415 (Women)"]
[Site "Germany"]
[Date "2014.11.29"]
[Round "3.6"]
[White "Janekovic, Vera"]
[Black "Schroeder, Janina"]
[Result "0-1"]
[WhiteElo "1636"]
[BlackElo "1385"]
[PlyCount "104"]
[EventDate "2014.09.27"]
[EventType "team-tourn"]
[EventRounds "7"]
[EventCountry "GER"]
[SourceTitle "CBM 166 Extra"]
[Source "ChessBase"]
[SourceDate "2015.06.18"]
[SourceVersion "1"]
[SourceVersionDate "2015.06.18"]
[SourceQuality "1"]
[WhiteTeam "Muenchen Bayern (W)"]
[BlackTeam "Hofheim (W)"]
[WhiteTeamCountry "GER"]
[BlackTeamCountry "GER"]

1. e4 e5 2. Nf3 Nc6 3. Bc4 Be7 4. 0-0 Nf6 5. d3 0-0 6. Nc3 Na5 7. Nxe5 d6 8. Nxf7 Rxf7 9. Bxf7+ Kxf7 10. Bg5 Nc6 11. Bxf6 Bxf6 12. Qh5+ Kg8 13. f4 Be6 14. Rae1 Qd7 15. f5 Bf7 16. Qd1 Re8 17. a3 a6 18. Kh1 Nd4 19. Nd5 Bxd5 20. exd5 Rxe1 21. Qxe1 Nxf5 22. Rxf5 Bxb2 23. Qe6+ Qxe6 24. dxe6 Bf6 25. g4 h6 26. Kg2 c6 27. d4 Kf8 28. h4 Ke8 29. g5 hxg5 30. hxg5 Bxd4 31. Rf7 b5 32. Kf3 a5 33. Ke4 Be5 34. Kd3 Kd8 35. c3 b4 36. axb4 axb4 37. Rb7 c5 38. Kc2 Ke8 39. Kb3 Kd8 40. Rb8+ Ke7 41. Rc8 Kxe6 42. Rc6 Kf5 43. g6 Kxg6 44. Kc2 Kg5 45. Rb6 Kg4 46. Kd2 Kg3 47. Ke2 g5 48. Kf1 g4 49. Ra6 Kf3 50. Ra2 g3 51. Kg1 Ke3 52. Rc2 b3 0-1

[Event "Rhein Main op-B 17th"]
[Site "Bad Homburg"]
[Date "2014.06.19"]
[Round "3"]
[White "Schroeder, Janina"]
[Black "Dietrich, Klaus"]
[Result "1-0"]
[WhiteElo "1365"]
[BlackElo "740"]
[PlyCount "133"]
[EventDate "2014.06.18"]
[EventType "swiss"]
[EventRounds "9"]
[EventCountry "GER"]
[SourceTitle "CBM 161 Extra"]
[Source "ChessBase"]
[SourceDate "2014.08.29"]
[SourceVersion "1"]
[SourceVersionDate "2014.08.29"]
[SourceQuality "1"]

1. e4 e5 2. Nf3 Nc6 3. Bb5 d6 4. 0-0 Nf6 5. Re1 Bd7 6. c3 a6 7. Ba4 Be7 8. d4 0-0 9. dxe5 Nxe5 10. Nxe5 dxe5 11. Bxd7 Nxd7 12. Qd5 c6 13. Qb3 b5 14. Nd2 Nc5 15. Qc2 Nd7 16. Nf3 Qe8 17. Bd2 Bf6 18. Rad1 Rd8 19. c4 Rc8 20. c5 Qe7 21. b4 Rcd8 22. Bc3 Bg5 23. Rd6 Nb8 24. Bxe5 Nd7 25. Bb2 Bf6 26. e5 Nxe5 27. Rxd8 Rxd8 28. Nxe5 Rd5 29. Nf3 Qf8 30. Bxf6 gxf6 31. Qe4 Rd8 32. h3 Rc8 33. Qf5 Re8 34. Rf1 Qg7 35. Qd7 Rf8 36. Qxc6 Kh8 37. Qxa6 Rg8 38. g3 f5 39. Qd6 f6 40. c6 h6 41. Qf4 Qg6 42. Nh4 Qh7 43. Nxf5 Rc8 44. Qxh6 Qxh6 45. Nxh6 Rxc6 46. Nf7+ Kg7 47. Nd8 Rc4 48. a3 Rc3 49. Ra1 Rc8 50. Ne6+ Kf7 51. Nc5 Rh8 52. Kg2 Rg8 53. Rd1 f5 54. Rd7+ Kf6 55. Rb7 f4 56. g4 Rg5 57. Rxb5 Kg6 58. a4 Re5 59. a5 Re8 60. a6 Ra8 61. Ra5 Rb8 62. a7 Ra8 63. b5 Kg5 64. b6 Kh4 65. b7 Rh8 66. a8Q Rxa8 67. bxa8Q 1-0

[Event "Hofheim Spring op-C 2nd"]
[Site "Hofheim"]
[Date "2014.04.24"]
[Round "2"]
[White "Engel, Jan"]
[Black "Schroeder, Janina"]
[Result "1-0"]
[WhiteElo "1212"]
[BlackElo "1365"]
[PlyCount "33"]
[EventDate "2014.04.23"]
[EventType "swiss"]
[EventRounds "7"]
[EventCountry "GER"]
[SourceTitle "CBM 160 Extra"]
[Source "ChessBase"]
[SourceDate "2014.07.01"]
[SourceVersion "1"]
[SourceVersionDate "2014.07.01"]
[SourceQuality "1"]

1. e4 e5 2. Nf3 Nc6 3. Bc4 Be7 4. d3 Nf6 5. 0-0 0-0 6. c3 a6 7. Bb3 d6 8. Re1 Bg4 9. Nbd2 Re8 10. Nf1 Nh5 11. h3 Bd7 12. Nxe5 Nxe5 13. Qxh5 Bf6 14. f4 Nxd3 15. Bxf7+ Kf8 16. Bc4 Nxe1 17. Qf7# 1-0

[Event "Hofheim Spring op-C 2nd"]
[Site "Hofheim"]
[Date "2014.04.23"]
[Round "1"]
[White "Schroeder, Janina"]
[Black "Peschk, Kathrin"]
[Result "1-0"]
[WhiteElo "1365"]
[BlackElo "1330"]
[PlyCount "89"]
[EventDate "2014.04.23"]
[EventType "swiss"]
[EventRounds "7"]
[EventCountry "GER"]
[SourceTitle "CBM 160 Extra"]
[Source "ChessBase"]
[SourceDate "2014.07.01"]
[SourceVersion "1"]
[SourceVersionDate "2014.07.01"]
[SourceQuality "1"]

1. e4 e5 2. Nf3 Nc6 3. Bb5 Bc5 4. 0-0 d6 5. c3 Bd7 6. Ba4 Nf6 7. d4 exd4 8. cxd4 Bb6 9. Re1 0-0 10. Bg5 Re8 11. Nc3 Nb8 12. e5 h6 13. exf6 hxg5 14. Nxg5 Bxa4 15. Qxa4 Rxe1+ 16. Rxe1 Nc6 17. d5 Qxf6 18. Nge4 Qh4 19. dxc6 bxc6 20. Qxc6 Rb8 21. Qd7 g6 22. Qh3 Qf4 23. Qf3 Qxf3 24. gxf3 Kg7 25. Kg2 Re8 26. Re2 Re5 27. Ng3 Rxe2 28. Ngxe2 Kf6 29. Nd5+ Ke5 30. Nxb6 axb6 31. Nc3 Kd4 32. Kg3 Kc4 33. Kf4 d5 34. Ke5 d4 35. Ne2 d3 36. Nc3 b5 37. a3 c5 38. Ke4 f5+ 39. Ke3 g5 40. h3 f4+ 41. Kd2 b4 42. axb4 cxb4 43. Nd1 b3 44. Nc3 Kd4 45. Ne4 1-0

[Event "Hessen-ch U14/18 Girls"]
[Site "Bad Homburg"]
[Date "2013.??.??"]
[Round "3"]
[White "Krausse, Vanessa"]
[Black "Schroeder, Janina"]
[Result "0-1"]
[WhiteElo "1576"]
[BlackElo "1329"]
[PlyCount "182"]
[EventDate "2013.03.??"]
[EventType "swiss"]
[EventRounds "7"]
[EventCountry "GER"]
[SourceTitle "EXT 2014"]
[Source "ChessBase"]
[SourceDate "2013.11.20"]
[SourceVersion "1"]
[SourceVersionDate "2013.11.20"]
[SourceQuality "1"]

1. e4 e5 2. Nf3 Nc6 3. d4 exd4 4. Nxd4 Nf6 5. Nxc6 bxc6 6. e5 Qe7 7. Qe2 Nd5 8. c4 Nb6 9. Qe3 Qe6 10. b3 d6 11. exd6 cxd6 12. Bd3 d5 13. c5 Nd7 14. b4 a5 15. 0-0 Qxe3 16. Bxe3 axb4 17. Re1 Be7 18. Bd2 b3 19. a3 Nxc5 20. Bf1 Be6 21. Bc3 0-0 22. Nd2 Na4 23. Be5 Nc5 24. Bd4 Rfb8 25. Be5 Rb7 26. Bd4 Bf5 27. Nf3 Na4 28. h3 b2 29. Bxb2 Nxb2 30. Nd4 Nd3 31. Bxd3 Bxd3 32. Nxc6 Bf6 33. Rad1 Bb5 34. Ne5 Bc4 35. Nc6 h6 36. Nb4 Bc3 37. Re3 d4 38. Re4 Bb3 39. Rc1 Bxb4 40. axb4 Rxb4 41. Kh2 Ra2 42. Kg3 Bd5 43. Re8+ Kh7 44. Rd8 Ra5 45. Rc2 Be6 46. Kf3 Bd5+ 47. Kg3 Rb3+ 48. f3 d3 49. Rd2 Bc4 50. Rd4 Ba6 51. Kf4 Raa3 52. g3 Rc3 53. Ke3 Rc2 54. Rd1 d2+ 55. Kf2 Raa2 56. Ke3 Rc3+ 57. Kf2 Bb7 58. Rd7 Rxf3+ 59. Ke2 Rb3 60. Rxf7 Ba6+ 61. Kf2 Rc3 62. Rd7 Rcc2 63. Ke3 Ra3+ 64. Kf4 Rd3 65. Rxd3 Bxd3 66. Ke3 Bf5 67. h4 Rc3+ 68. Kf2 Rc2 69. Ke3 Kg6 70. Rxd2 Rxd2 71. Kxd2 Kh5 72. Ke3 Kg4 73. Kf2 Be4 74. Ke3 Ba8 75. Kf2 Bb7 76. Ke3 Kxg3 77. h5 Kg4 78. Kf2 Kxh5 79. Kg3 g5 80. Kh3 Kg6 81. Kg4 h5+ 82. Kg3 Bc8 83. Kg2 h4 84. Kh1 g4 85. Kg2 Kg5 86. Kh2 g3+ 87. Kg2 Kg4 88. Kh1 h3 89. Kg1 h2+ 90. Kg2 Bb7+ 91. Kf1 h1Q+ 0-1

[Event "Hessen-ch U14/18 Girls"]
[Site "Bad Homburg"]
[Date "2013.??.??"]
[Round "6"]
[White "Schroeder, Janina"]
[Black "Torgashov, Katerina"]
[Result "0-1"]
[WhiteElo "1329"]
[BlackElo "1322"]
[PlyCount "100"]
[EventDate "2013.03.??"]
[EventType "swiss"]
[EventRounds "7"]
[EventCountry "GER"]
[SourceTitle "EXT 2014"]
[Source "ChessBase"]
[SourceDate "2013.11.20"]
[SourceVersion "1"]
[SourceVersionDate "2013.11.20"]
[SourceQuality "1"]

1. e4 e5 2. Nf3 Nc6 3. Bb5 a6 4. Ba4 Nf6 5. 0-0 Be7 6. Re1 b5 7. Bb3 d6 8. c3 0-0 9. h3 Nb8 10. d4 Nbd7 11. Nbd2 Bb7 12. Bc2 Re8 13. Re2 Bf8 14. Qe1 Nh5 15. Nf1 h6 16. b3 Ndf6 17. Bb1 Qe7 18. N1d2 Nf4 19. Re3 Nh7 20. dxe5 dxe5 21. Qf1 Rad8 22. Re1 Qf6 23. Bb2 Ng5 24. Bc1 Nxf3+ 25. Nxf3 Nxh3+ 26. Kh2 Nf4 27. Bxf4 Qxf4+ 28. Kg1 Rd6 29. Bc2 Rg6 30. Nh2 Qd2 31. Qd3 Rd8 32. Qxd2 Rxd2 33. Bd1 Bc5 34. Rf1 Bxe4 35. Bg4 h5 36. Bf3 Bxf3 37. Nxf3 Re2 38. Nh4 Rf6 39. Nf3 e4 40. Nd4 Bxd4 41. cxd4 Rd2 42. a4 Rxd4 43. axb5 axb5 44. Ra5 c6 45. Ra6 Rd3 46. Rb1 Rd2 47. f3 exf3 48. gxf3 Rg6+ 49. Kh1 Rd3 50. f4 Rh3# 0-1

[Event "Hessen-ch U14/18 Girls"]
[Site "Bad Homburg"]
[Date "2013.??.??"]
[Round "5"]
[White "Tampe, Katharina"]
[Black "Schroeder, Janina"]
[Result "1/2-1/2"]
[WhiteElo "937"]
[BlackElo "1329"]
[PlyCount "81"]
[EventDate "2013.03.??"]
[EventType "swiss"]
[EventRounds "7"]
[EventCountry "GER"]
[SourceTitle "EXT 2014"]
[Source "ChessBase"]
[SourceDate "2013.11.20"]
[SourceVersion "1"]
[SourceVersionDate "2013.11.20"]
[SourceQuality "1"]

1. e4 e5 2. Nf3 Nc6 3. g3 Nf6 4. d3 Be7 5. Bg2 d6 6. Be3 Bg4 7. c3 Be6 8. 0-0 0-0 9. Nbd2 h6 10. d4 exd4 11. cxd4 d5 12. e5 Nd7 13. Ne1 Ncb8 14. Nd3 b6 15. Nf4 c5 16. Nxd5 cxd4 17. Bxd4 Bxd5 18. Bxd5 Nxe5 19. Bxa8 Qxd4 20. Nf3 Qxb2 21. Nxe5 Qxe5 22. Re1 Qf6 23. Qf3 Qd6 24. Qd5 Qa3 25. Qf3 Qb4 26. Rab1 Qc5 27. Qd5 Qa3 28. Rb3 Qc5 29. Qxc5 Bxc5 30. Bf3 Nd7 31. Rb2 Nf6 32. Rbe2 Rd8 33. Bc6 Bb4 34. Rb1 Bc5 35. Ba4 Ba3 36. Rc2 Bc5 37. Re2 Ba3 38. Rb3 Bc5 39. Rb1 Ba3 40. Rd1 Rc8 41. Rc2 1/2-1/2

[Event "GER-ch Net qual4 U14"]
[Site "Playchess.com INT"]
[Date "2012.09.12"]
[Round "6"]
[White "Schroeder, Janina"]
[Black "Muetsch, Annmarie"]
[Result "1-0"]
[WhiteElo "1235"]
[BlackElo "1084"]
[PlyCount "61"]
[EventDate "2012.09.12"]
[EventType "swiss (blitz)"]
[EventRounds "7"]
[EventCountry "GER"]
[SourceTitle "CBM 150 Extra"]
[Source "ChessBase"]
[SourceDate "2012.10.19"]
[SourceVersion "1"]
[SourceVersionDate "2012.10.19"]
[SourceQuality "1"]

1. e4 e5 2. Nf3 Nc6 3. Bb5 Nf6 4. 0-0 Bc5 5. c3 0-0 6. Re1 d6 7. h3 Nh5 8. d4 exd4 9. cxd4 Nxd4 10. Nxd4 Bxd4 11. Qxd4 c6 12. Ba4 c5 13. Qd1 Nf6 14. Bg5 h6 15. Bh4 a6 16. Nc3 b5 17. Bc2 b4 18. Nd5 Bb7 19. Nxf6+ gxf6 20. Qf3 f5 21. Bxd8 fxe4 22. Bxe4 Bxe4 23. Qxe4 Raxd8 24. Re3 f5 25. Qe6+ Rf7 26. Rg3+ Kf8 27. Qxh6+ Ke8 28. Re1+ Re7 29. Rxe7+ Kxe7 30. Rg7+ Kf8 31. Qh8# 1-0

[Event "GER-ch Net qual4 U14"]
[Site "Playchess.com INT"]
[Date "2012.09.12"]
[Round "7"]
[White "Von Bargen, Lukas"]
[Black "Schroeder, Janina"]
[Result "1-0"]
[WhiteElo "1333"]
[BlackElo "1245"]
[PlyCount "69"]
[EventDate "2012.09.12"]
[EventType "swiss (blitz)"]
[EventRounds "7"]
[EventCountry "GER"]
[SourceTitle "CBM 150 Extra"]
[Source "ChessBase"]
[SourceDate "2012.10.19"]
[SourceVersion "1"]
[SourceVersionDate "2012.10.19"]
[SourceQuality "1"]

1. d4 d5 2. Nf3 Nc6 3. Bf4 Bf5 4. e3 a6 5. c4 e6 6. Nc3 Bb4 7. Qa4 Be7 8. Ne5 f6 9. Nxc6 bxc6 10. Qxc6+ Qd7 11. Qxa8+ Kf7 12. cxd5 exd5 13. Qxd5+ Qxd5 14. Nxd5 c6 15. Nxe7 Kxe7 16. Bxa6 Ke6 17. Bc4+ Ke7 18. a4 Kd7 19. a5 Ne7 20. a6 Ra8 21. a7 Nc8 22. Ba6 Nxa7 23. Bb7 Be4 24. Bxa8 Bxg2 25. Rxa7+ Ke6 26. Rg1 Bd5 27. Rgxg7 Bf3 28. Rae7+ Kd5 29. Rc7 Bh1 30. Bxc6+ Kc4 31. Bxh1+ Kb3 32. Bd5+ Kxb2 33. Rg8 h5 34. Rb8+ Ka3 35. Ra7# 1-0

[Event "Rhein Main op-B 15th"]
[Site "Bad Homburg"]
[Date "2012.06.10"]
[Round "7"]
[White "Peschk, Kathrin"]
[Black "Schroeder, Janina"]
[Result "0-1"]
[WhiteElo "950"]
[BlackElo "1353"]
[PlyCount "66"]
[EventDate "2012.06.06"]
[EventType "swiss"]
[EventRounds "7"]
[EventCountry "GER"]
[SourceTitle "EXT 2013"]
[Source "ChessBase"]
[SourceDate "2012.11.22"]
[SourceVersion "1"]
[SourceVersionDate "2012.11.22"]
[SourceQuality "1"]

1. e4 e5 2. Nf3 Nc6 3. Bc4 Bc5 4. Nc3 Nf6 5. d3 0-0 6. 0-0 d6 7. Be3 Bb6 8. a3 Be6 9. Ba2 Ng4 10. Qd2 Nd4 11. Bxd4 exd4 12. Nd1 c5 13. b4 Ne5 14. Nxe5 dxe5 15. Nb2 Qc7 16. Nc4 Rac8 17. Qg5 Rfe8 18. Bb3 a6 19. Ba4 f6 20. Qd2 Re7 21. Nxb6 Qxb6 22. Rab1 c4 23. dxc4 Bxc4 24. Bb3 Bxb3 25. Rxb3 Rec7 26. Rc1 Rc3 27. Rxc3 Rxc3 28. h3 Qc6 29. Kh2 Qxe4 30. a4 Qf4+ 31. Qxf4 exf4 32. g3 fxg3+ 33. fxg3 d3 0-1

[Event "Rhein Main op-B 15th"]
[Site "Bad Homburg"]
[Date "2012.06.09"]
[Round "6"]
[White "Schroeder, Janina"]
[Black "Titov, Leonid"]
[Result "0-1"]
[WhiteElo "1353"]
[BlackElo "1730"]
[PlyCount "120"]
[EventDate "2012.06.06"]
[EventType "swiss"]
[EventRounds "7"]
[EventCountry "GER"]
[SourceTitle "EXT 2013"]
[Source "ChessBase"]
[SourceDate "2012.11.22"]
[SourceVersion "1"]
[SourceVersionDate "2012.11.22"]
[SourceQuality "1"]

1. e4 Nc6 2. Nf3 d5 3. exd5 Qxd5 4. Nc3 Qa5 5. Bc4 Bg4 6. h3 Qh5 7. Be2 0-0-0 8. Ne4 Bxf3 9. Bxf3 Qe5 10. 0-0 f5 11. Ng3 Nd4 12. c3 Nxf3+ 13. Qxf3 g6 14. d4 Qb5 15. a4 Qd7 16. a5 a6 17. b4 Bg7 18. Be3 e5 19. dxe5 Bxe5 20. Rad1 Qe8 21. Rxd8+ Qxd8 22. Rd1 Qf6 23. Bd4 Ne7 24. Re1 Bxd4 25. cxd4 Nc6 26. d5 Nxb4 27. Rb1 c5 28. Ne4 Qe7 29. Qc3 Rd8 30. Nxc5 Rxd5 31. Nxa6+ Nc6 32. Nb4 Rc5 33. Nxc6 Rxc6 34. Qb3 Ra6 35. Rc1+ Rc6 36. Rxc6+ bxc6 37. Qc3 Qc7 38. a6 Kb8 39. Qc4 Ka7 40. h4 Qb6 41. Qf7+ Kxa6 42. Qxh7 c5 43. h5 Qb1+ 44. Kh2 gxh5 45. Qxh5 Qe4 46. f3 Qe5+ 47. Kg1 c4 48. Qh6+ Kb5 49. Qc1 f4 50. Qb1+ Kc5 51. Qa2 c3 52. Qa5+ Kd4 53. Qb4+ Kd3 54. Qb1+ c2 55. Qf1+ Qe2 56. Qa1 Qd1+ 57. Qxd1+ cxd1Q+ 58. Kh2 Ke2 59. Kh3 Qh1+ 60. Kg4 Qxg2+ 0-1

[Event "Rhein Main op-B 15th"]
[Site "Bad Homburg"]
[Date "2012.06.07"]
[Round "2"]
[White "Schroeder, Janina"]
[Black "Wiemann, Vanessa"]
[Result "1-0"]
[WhiteElo "1353"]
[BlackElo "695"]
[PlyCount "41"]
[EventDate "2012.06.06"]
[EventType "swiss"]
[EventRounds "7"]
[EventCountry "GER"]
[SourceTitle "EXT 2013"]
[Source "ChessBase"]
[SourceDate "2012.11.22"]
[SourceVersion "1"]
[SourceVersionDate "2012.11.22"]
[SourceQuality "1"]

1. e4 e5 2. Nf3 Nc6 3. Bb5 a6 4. Ba4 Nf6 5. 0-0 Bc5 6. Re1 0-0 7. h3 d6 8. c3 b5 9. Bb3 Be6 10. Bc2 Re8 11. d4 exd4 12. cxd4 Nxd4 13. Nxd4 Bxd4 14. Qxd4 c5 15. Qd1 h6 16. Bf4 a5 17. Bxd6 Ra6 18. e5 Nh7 19. Qd3 f6 20. Qxh7+ Kf7 21. Bg6# 1-0

[Event "GER-ch U12"]
[Site "Oberhof"]
[Date "2012.05.31"]
[Round "8"]
[White "Schroeder, Janina"]
[Black "Peters, Theresa"]
[Result "1-0"]
[WhiteElo "1315"]
[BlackElo "1070"]
[PlyCount "119"]
[EventDate "2012.05.27"]
[EventType "swiss"]
[EventRounds "11"]
[EventCountry "GER"]
[SourceTitle "CBM 148 Extra"]
[Source "ChessBase"]
[SourceDate "2012.06.22"]
[SourceVersion "1"]
[SourceVersionDate "2012.06.22"]
[SourceQuality "1"]

1. e4 c6 2. Nf3 d5 3. Nc3 dxe4 4. Nxe4 Bf5 5. Ng3 Bg6 6. h4 h6 7. Ne5 Bh7 8. Qh5 g6 9. Qf3 Qd5 10. Qxd5 cxd5 11. Bb5+ Nc6 12. Nxc6 e6 13. Ne5+ Ke7 14. d4 f6 15. Nd7 a6 16. Nxf8 Kxf8 17. Bd3 Ne7 18. h5 g5 19. Bxh7 Rxh7 20. Bd2 Nc6 21. 0-0-0 Rc7 22. f4 Kg7 23. fxg5 fxg5 24. Rhe1 Kf7 25. Bc3 Rac8 26. Re2 b5 27. a3 a5 28. Rf1+ Ke7 29. b3 b4 30. axb4 axb4 31. Bb2 Na5 32. Nf5+ Kd7 33. Nxh6 Rh8 34. Rf7+ Kd8 35. Rxc7 Kxc7 36. Rxe6 Rf8 37. Ng4 Rf1+ 38. Kd2 Rg1 39. Re2 Rh1 40. h6 Rh4 41. Nf6 Rxh6 42. Nxd5+ Kc6 43. Nxb4+ Kb5 44. Nd3 Rd6 45. Re5+ Kb6 46. Rxg5 Nc6 47. c4 Rg6 48. Rxg6 Ka5 49. b4+ Nxb4 50. Nxb4 Kxb4 51. d5 Kc5 52. Ba3+ Kxc4 53. d6 Kb5 54. d7 Ka5 55. d8Q+ Kb5 56. Qb6+ Kc4 57. Qc5+ Kb3 58. Rb6+ Ka2 59. Qc2+ Kxa3 60. Qb3# 1-0

[Event "GER-ch U12"]
[Site "Oberhof"]
[Date "2012.05.28"]
[Round "3"]
[White "Moeller, Hannah Sophie"]
[Black "Schroeder, Janina"]
[Result "0-1"]
[WhiteElo "1077"]
[BlackElo "1315"]
[PlyCount "200"]
[EventDate "2012.05.27"]
[EventType "swiss"]
[EventRounds "11"]
[EventCountry "GER"]
[SourceTitle "CBM 148 Extra"]
[Source "ChessBase"]
[SourceDate "2012.06.22"]
[SourceVersion "1"]
[SourceVersionDate "2012.06.22"]
[SourceQuality "1"]

1. c4 e5 2. Nc3 Nf6 3. g3 Bb4 4. Bg2 Bxc3 5. dxc3 d6 6. Bg5 h6 7. Bd2 0-0 8. e3 Nc6 9. b4 Be6 10. Qb3 Qd7 11. Nf3 Rfe8 12. 0-0 Bh3 13. Rfd1 Bxg2 14. Kxg2 e4 15. Nd4 Ne5 16. Bc1 Nd3 17. Ne2 Ng4 18. c5 Ngxf2 19. Rd2 Ng4 20. Rd1 Qf5 21. Rf1 Ngf2 22. Ng1 Re6 23. c4 Rf6 24. Bb2 Re6 25. Qc3 Rg6 26. cxd6 cxd6 27. a4 Rc8 28. a5 a6 29. Ra3 d5 30. c5 Rcc6 31. Qd4 Rcf6 32. c6 Rxc6 33. Rxd3 exd3 34. Rxf2 Qe4+ 35. Nf3 Rc2 36. Bc3 Qxd4 37. Bxd4 Rc4 38. Ne5 Rxb4 39. Nxg6 fxg6 40. Rd2 Ra4 41. Bb6 Ra3 42. Kf3 Kf7 43. Kf4 Ke6 44. e4 g5+ 45. Ke3 dxe4 46. Kxe4 g6 47. Rxd3 Rxd3 48. Kxd3 Kd5 49. Ke3 Ke5 50. Kf3 h5 51. g4 Kd5 52. gxh5 gxh5 53. Kg3 Ke5 54. h3 Kf5 55. h4 g4 56. Kg2 Kf4 57. Kh2 Kf3 58. Kg1 Kg3 59. Bf2+ Kf3 60. Bb6 Kg3 61. Bf2+ Kh3 62. Be1 g3 63. Kh1 Kxh4 64. Kg2 Kg4 65. Bxg3 h4 66. Bxh4 Kxh4 67. Kf3 Kg5 68. Ke4 Kf6 69. Kd5 Ke7 70. Kc5 Kd7 71. Kb6 Kc8 72. Kc5 Kc7 73. Kb4 Kc6 74. Kc4 Kd6 75. Kb4 Kd5 76. Kc3 Kc5 77. Kb3 Kb5 78. Ka3 Kxa5 79. Kb3 b5 80. Ka3 Kb6 81. Kb3 a5 82. Ka3 Kc5 83. Kb3 Kd4 84. Kb2 b4 85. Ka2 a4 86. Kb2 Kd3 87. Kb1 Kc3 88. Kc1 a3 89. Kb1 b3 90. Kc1 a2 91. Kd1 a1Q+ 92. Ke2 Kd4 93. Kf2 Qc3 94. Ke2 Qd3+ 95. Kf2 Qe3+ 96. Kg2 Qf4 97. Kg1 Qd2 98. Kh1 Ke3 99. Kg1 Kf3 100. Kh1 Qg2# 0-1

[Event "GER-chT U18 Girls"]
[Site "Germany"]
[Date "2012.05.04"]
[Round "1.3"]
[White "Boden, Talitha"]
[Black "Schroeder, Janina"]
[Result "0-1"]
[WhiteElo "964"]
[BlackElo "1315"]
[PlyCount "62"]
[EventDate "2012.05.04"]
[EventType "team-swiss"]
[EventRounds "7"]
[EventCountry "GER"]
[SourceTitle "EXT 2014"]
[Source "ChessBase"]
[SourceDate "2013.11.20"]
[SourceVersion "1"]
[SourceVersionDate "2013.11.20"]
[SourceQuality "1"]
[WhiteTeam "Aue CWG (W)"]
[BlackTeam "Limburg Mariens (W)"]
[WhiteTeamCountry "GER"]
[BlackTeamCountry "GER"]

1. e4 e5 2. Nf3 Nc6 3. Nc3 Nf6 4. g3 Bb4 5. a3 Ba5 6. Bg2 0-0 7. 0-0 h6 8. Nd5 Nxe4 9. d3 Nf6 10. Ne3 Re8 11. Bd2 Bb6 12. Nc4 d5 13. Ne3 a6 14. Re1 Bd7 15. c4 Bc8 16. Bc3 d4 17. Bd2 dxe3 18. Bxe3 Bg4 19. Qc2 Bf5 20. Rad1 Qd6 21. d4 Bxc2 22. dxe5 Qe6 23. Rc1 Be4 24. exf6 Qxf6 25. Bf4 Qxb2 26. a4 Qxf2+ 27. Kh1 Bxf3 28. Rg1 Re2 29. h4 Bxg2+ 30. Kh2 Bf3+ 31. Kh3 Qh2# 0-1

[Event "Hessen-ch U12"]
[Site "Bad Homburg"]
[Date "2012.??.??"]
[Round "4"]
[White "Schroeder, Janina"]
[Black "Nothnagel, Marian Can"]
[Result "0-1"]
[WhiteElo "1353"]
[BlackElo "1723"]
[PlyCount "144"]
[EventDate "2012.04.??"]
[EventType "swiss"]
[EventRounds "9"]
[EventCountry "GER"]
[SourceTitle "EXT 2015"]
[Source "ChessBase"]
[SourceDate "2014.11.20"]
[SourceVersion "1"]
[SourceVersionDate "2014.11.20"]
[SourceQuality "1"]

1. e4 e5 2. Nf3 Nc6 3. Bb5 a6 4. Ba4 Nf6 5. 0-0 Be7 6. Re1 b5 7. Bb3 0-0 8. c3 d6 9. h3 Na5 10. Bc2 c5 11. d4 Qc7 12. d5 Bd7 13. Nbd2 Rfc8 14. b3 Bf8 15. Nf1 g6 16. Ng3 Bg7 17. Bb2 Rf8 18. Qd2 c4 19. b4 Nb7 20. Qd1 a5 21. a3 Qb6 22. Bc1 axb4 23. Be3 Qc7 24. axb4 Rfc8 25. Qd2 Qd8 26. Red1 h5 27. Bg5 Rxa1 28. Rxa1 Ra8 29. Qc1 Qc8 30. Kh2 Nh7 31. Be3 Qf8 32. Rb1 Ra2 33. Ra1 Qa8 34. Rb1 f6 35. h4 Bf8 36. Bd2 Be8 37. Be3 Be7 38. Bh6 Bd8 39. Be3 Nf8 40. Bh6 Nd7 41. Be3 Bb6 42. Bxb6 Nxb6 43. Ne2 Kg7 44. Qd1 Bd7 45. Nc1 Ra3 46. Ne2 Qa7 47. Qe1 Ra2 48. Rc1 Qa3 49. Bb1 Rb2 50. Rc2 Na4 51. Rc1 Rxe2 52. Qxe2 Qxc1 53. Qe3 Qxe3 54. fxe3 Nxc3 55. Bc2 Na2 56. Nd2 Bg4 57. Nb1 Nxb4 58. Bb3 cxb3 59. Nc3 b2 60. Kg1 Na2 61. Nb1 b4 62. Kf1 Bd1 63. Ke1 Bc2 64. Nd2 Nc5 65. Ke2 Nxe4 66. g4 hxg4 67. h5 Nac3+ 68. Ke1 g3 69. h6+ Kh8 70. h7 g2 71. Nxe4 g1Q+ 72. Kd2 Qc1# 0-1

[Event "Rhein Main op-B 14th"]
[Site "Bad Homburg"]
[Date "2011.06.22"]
[Round "1"]
[White "Lenz, Jonas"]
[Black "Schroeder, Janina"]
[Result "1-0"]
[WhiteElo "1685"]
[BlackElo "1147"]
[PlyCount "33"]
[EventDate "2011.06.22"]
[EventType "swiss"]
[EventRounds "7"]
[EventCountry "GER"]
[SourceTitle "EXT 2012"]
[Source "ChessBase"]
[SourceDate "2011.11.24"]
[SourceVersion "1"]
[SourceVersionDate "2011.11.24"]
[SourceQuality "1"]

1. e4 e5 2. Nf3 Nc6 3. Bc4 Bc5 4. 0-0 Nf6 5. d4 Bxd4 6. Nxd4 Nxd4 7. f4 d6 8. fxe5 dxe5 9. Bg5 Bg4 10. Bxf7+ Kxf7 11. Qxg4 Nxc2 12. Nc3 Nxa1 13. Nd5 Qc8 14. Qh5+ Kf8 15. Rxf6+ gxf6 16. Bh6+ Kg8 17. Ne7# 1-0